Cm̤o ahorrar dinero Con los consejos e informaciones de OCU

Detalles Bibliográficos
Formato: eBook
Lenguaje:español
Publicado: Bogot:̀ Ediciones de la U, 2018
Materias:
Acceso en línea:Acceso restringido

MARC

LEADER 00000nam a22000007a 4500
005 20210706001432.0
007 cr|||| ||||
008 210706s2018 co |||||s|||| 00||0 spa d
020 |a 978-958-762-802-9 
035 |a 33333 
040 |a vLex 
090 |c 11846  |d 11846 
245 0 0 |a Cm̤o ahorrar dinero  |h [Recurso electrn̤ico] :  |b Con los consejos e informaciones de OCU 
256 |a Servicio en ln̕ea 
260 |a Bogot:̀  |b Ediciones de la U,  |c 2018 
300 |a 1 recurso electrn̤ico 
500 |a Uno de los principales objetivos de OCU es hacer la vida ms̀ fc̀il a los consumidores, serles t︢iles y ayudarles para que acierten en sus elecciones de consumo y obtengan lo mejor al precio ms̀ ajustado posible. Nuestra experiencia, tras aǫs de anl̀isis y encuestas, le ser ̀de gran ayuda a la hora de elegir los mejores productos y servicios. Analizamos continuamente los productos y servicios que ofrece el mercado, para que pueda elegir siempre lo mejor, lo ms̀ econm̤ico, acertado y seguro. Y adems̀, negociamos para nuestros socios descuentos y ofertas exclusivas que le ayudarǹ a ahorrar en sus compras. 
506 1 |a Disponible solo en los productos indicados  |d vLex Global  |d vLex Global (Academic Edition, excluding Law Schools)  |d vLex Global (U.S. Academic Edition, Law Schools)  |d vLex Global (U.S. Academic Edition, excluding Law Schools)  |d vLex Global (Academic Edition, Law Schools) 
650 0 4 |a Banca y finanzas  |z Colombia 
740 0 |a vLex Libros (Servicio en ln̕ea) 
856 4 0 |u https://vlex.com/source/como-ahorrar-dinero-con-los-consejos-e-informaciones-de-ocu-33333  |z Acceso restringido 
942 |c BOOK 
999 0 |a Banking and finances